القرن الخامس عشر الهجري : (رقم التسجيلة. 1850)

تفاصيل مارك
000 -الفاتح
عناصر البيانات ثابتة الطول 00688cam a2200169 i 4500
005 - تاريخ ووقت آخر معاملة
حقل ضبط 20251224093714.0
008 - عناصر البيانات ثابتة الطول
عناصر البيانات ثابتة الطول 250721r9999 xx gr 000 0 ara d
082 14 - رقم تصنيف ديوي العشري
رقم التصنيف 218.52
رقم المادة ج ن د
100 1# - مدخل رئيسي – اسم شخصي
الاسم الشخصي الجندي، أنور
علاقة الشخص بالعمل/ دوره مؤلف.
245 12 - بيان العنوان
العنوان القرن الخامس عشر الهجري :
بقية العنوان التحديات في وجه الدعوة الإسلامية و العالم الإسلامي /
بيان المسؤولية تاليف انور الجندي.
264 ## - بيانات النشر، التوزيع…إلخ
اسم الناشر، الموزع...إلخ المكتبة العصرية،
تاريخ النشر، التوزيع...إلخ [بين 1995-2000].
مكان النشر، التوزيع...إلخ [غير معروف]،
300 ## - الوصف المادي
عدد الوحدات المكونة للوعاء 345صفحة.
650 17 - مدخل إضافي بالموضوع - مصطلح موضوعي
مصطلح موضوعي أو اسم جغرافي كعنصر مدخل الدعوة الإسلامية.
650 17 - مدخل إضافي بالموضوع - مصطلح موضوعي
مصطلح موضوعي أو اسم جغرافي كعنصر مدخل التاريخ الإسلامي.
942 ## - بيانات إضافية (كوها)
نوع التنصيف Dewey Decimal Classification
نوع المادة (كوها) كتب
المقتنيات
حالة السحب حالة الفقدان مصدر التصنيف حالة التلف غير قابل للإعارة المكتبة الرئيسية المكتبة الحالية موقع الرف تاريخ التزويد الرقم المتسلسل Total Checkouts رقم الإستدعاء الباركود تاريخ آخر ظهور تاريخ الفاتورة نوع المادة (كوها)
    Dewey Decimal Classification     المكتبة المركزية المكتبة المركزية الإعارة 06/07/2004 471516   218.52 / ج ن د 471516 28/07/2025 06/07/2004 كتب
Implemented & Customized by: BBB with SCIT (Smart Chains for Information Technology)

Powered by Koha